[Event "3rd Szeged Cup"]
[Site "Szeged"]
[Date "2006.09.11"]
[Round "3"]
[White "Bartha, Agnes"]
[Black "Tanacs, Anna"]
[Result "1-0"]
[WhiteElo "1857"]
[BlackElo "1890"]
[PlyCount "69"]
[EventDate "2006.09.11"]
[SourceDate "2006.09.11"]

1. d4 Nf6 2. c4 e6 3. Nc3 Bb4 4. Qc2 b6 5. Bg5 Bb7 6. f3 Bxc3+ 7. bxc3 d5 8. e3
Nbd7 9. cxd5 exd5 10. g4 h6 11. Bf4 g5 12. Bg3 Qe7 13. Bf2 h5 14. gxh5 Nxh5 15.
a4 a5 16. Kd2 O-O-O 17. Bd3 Rde8 18. Ne2 Qf6 19. Bf5 Ba6 20. Ng3 Ng7 21. Bg4
Ne6 22. h3 Ndf8 23. Nh5 Qh6 24. Rab1 Nd7 25. Qf5 Qh7 26. Ng3 Qxf5 27. Nxf5 Nf6
28. Bg3 Nxg4 29. fxg4 f6 30. Rh2 Rh7 31. Rbh1 Reh8 32. h4 gxh4 33. Rxh4 Rxh4
34. Rxh4 Rg8 35. Ne7+ 1-0

[Event "3rd Szeged Cup"]
[Site "Szeged"]
[Date "2006.09.12"]
[Round "4"]
[White "Madl, Ildiko"]
[Black "Albert, Kornelia"]
[Result "1-0"]
[WhiteElo "2379"]
[BlackElo "2120"]
[PlyCount "79"]
[EventDate "2006.??.??"]
[WhiteTeam "Ungarn"]
[BlackTeam "Ungarn"]
[WhiteTeamCountry "HUN"]
[BlackTeamCountry "HUN"]

1. e4 e6 2. d4 d5 3. Nc3 dxe4 4. Nxe4 Nd7 5. Nf3 Ngf6 6. Nxf6+ Nxf6 7. c3 Be7
8. Bd3 O-O 9. Qe2 b6 10. Bg5 Bb7 11. O-O-O Bxf3 12. Qxf3 Qd5 13. Qxd5 Nxd5 14.
Bxe7 Nxe7 15. Rhe1 Rad8 16. Be4 c6 17. Kc2 Rd6 18. a4 a5 19. Bf3 Rfd8 20. Kb3
Ng6 21. g3 Nf8 22. Kc4 b5+ 23. axb5 cxb5+ 24. Kxb5 Rb8+ 25. Kc4 Rxb2 26. Re2
Rdb6 27. Ra1 R6b5 28. Kd3 f6 29. Rxb2 Rxb2 30. Be2 Rb5 31. c4 Rf5 32. f4 h5 33.
c5 Kf7 34. Rxa5 e5 35. Ke4 g6 36. Ra7+ Ke8 37. d5 exf4 38. gxf4 Kd8 39. c6 h4
40. c7+ 1-0

[Event "3rd Szeged Cup"]
[Site "Szeged"]
[Date "2006.09.12"]
[Round "4"]
[White "Pokorna, Regina"]
[Black "Toth, Lili"]
[Result "1/2-1/2"]
[WhiteElo "2342"]
[BlackElo "2217"]
[PlyCount "58"]
[EventDate "2006.??.??"]
[WhiteTeam "Slovakei"]
[BlackTeam "Ungarn"]
[WhiteTeamCountry "SVK"]
[BlackTeamCountry "HUN"]

1. e4 e6 2. d4 d5 3. e5 c5 4. c3 Nc6 5. Nf3 Bd7 6. Be2 cxd4 7. cxd4 f6 8. O-O
Nh6 9. Re1 Nf7 10. Nc3 Be7 11. Bd3 O-O 12. Nxd5 exd5 13. e6 Be8 14. exf7+ Bxf7
15. Qc2 g6 16. a3 Rc8 17. Qb3 Qc7 18. Bh6 Rfe8 19. Rac1 a6 20. h4 Qd7 21. Bd2
Bd6 22. h5 gxh5 23. Rxe8+ Rxe8 24. Qc2 Be6 25. Re1 Kh8 26. Bh6 Bg4 27. Rxe8+
Qxe8 28. Qe2 Qf7 29. Qe3 Bxf3 1/2-1/2

[Event "3rd Szeged Cup"]
[Site "Szeged"]
[Date "2006.09.12"]
[Round "4"]
[White "Khurtsidze, Nino"]
[Black "Kiss, Judit"]
[Result "1-0"]
[WhiteElo "2414"]
[BlackElo "2118"]
[PlyCount "73"]
[EventDate "2006.??.??"]
[WhiteTeam "Georgien"]
[BlackTeam "Ungarn"]
[WhiteTeamCountry "GEO"]
[BlackTeamCountry "HUN"]

1. d4 d5 2. c4 e6 3. Nc3 Nf6 4. cxd5 exd5 5. Bg5 Be7 6. Qc2 Nbd7 7. e3 c6 8.
Bd3 O-O 9. Nge2 g6 10. h3 Nh5 11. Bxe7 Qxe7 12. g4 Ng7 13. O-O-O Nf6 14. Kb1
Rd8 15. Rhe1 b5 16. Ng3 Ne6 17. f4 Qd6 18. g5 Ne8 19. h4 N8g7 20. Rc1 Bd7 21.
Nce2 Rac8 22. f5 gxf5 23. Nxf5 Nxf5 24. Bxf5 Nf8 25. Bd3 Bg4 26. Nf4 Ng6 27.
Rf1 Qe7 28. h5 Nxf4 29. Bxh7+ Kh8 30. exf4 Qe2 31. Rce1 Qxc2+ 32. Bxc2 Kg8 33.
h6 Re8 34. f5 Be2 35. Rg1 Re3 36. g6 fxg6 37. fxg6 1-0

[Event "3rd Szeged Cup"]
[Site "Szeged"]
[Date "2006.09.12"]
[Round "4"]
[White "Foisor, Sabina-Francesca"]
[Black "Vajda, Szidonia"]
[Result "1/2-1/2"]
[WhiteElo "2292"]
[BlackElo "2396"]
[PlyCount "170"]
[EventDate "2006.??.??"]
[WhiteTeam "Rumaenien"]
[BlackTeam "Ungarn"]
[WhiteTeamCountry "ROM"]
[BlackTeamCountry "HUN"]

1. c4 Nf6 2. d4 e6 3. Nc3 d5 4. cxd5 exd5 5. Bg5 c6 6. e3 h6 7. Bh4 Be7 8. Qc2
O-O 9. Bd3 Re8 10. Nge2 Nbd7 11. f3 Nf8 12. O-O N6h7 13. Bf2 Bd7 14. Rad1 Rc8
15. Qb1 b5 16. Ng3 Qa5 17. e4 b4 18. Nce2 dxe4 19. fxe4 c5 20. Kh1 cxd4 21.
Nxd4 Bg4 22. Rc1 Rxc1 23. Rxc1 Bg5 24. Nc6 Qc7 25. Rc4 Be6 26. Rc5 Qf4 27. Bd4
Qd6 28. e5 Qd7 29. Qg1 Bxa2 30. Nxb4 Ne6 31. Bb5 Qxd4 32. Qxd4 Nxd4 33. Bxe8
Be6 34. Nd3 Nf8 35. Ra5 Bc4 36. Nc5 Be3 37. Ra3 Bg5 38. Rxa7 Ng6 39. Ra8 Kh7
40. Ra4 Nxe5 41. Nce4 Be3 42. Nd6 Bb3 43. Ra5 f6 44. Ngf5 Nxf5 45. Nxf5 Bc1 46.
Ra7 Bxb2 47. Rb7 Bc2 48. Nxg7 Be4 49. Rc7 Kg8 50. Nh5 Nd3 51. Bb5 Nf2+ 52. Kg1
Ng4 53. Rc4 f5 54. Nf4 Be5 55. Rc8+ Kg7 56. Nh5+ Kg6 57. Be8+ Kg5 58. g3 Bd4+
59. Kf1 Nxh2+ 60. Ke2 Bf3+ 61. Kd3 Bf2 62. Bf7 Bxh5 63. Rg8+ Kf6 64. Bxh5 Bc5
65. Ke2 Ba7 66. Rg6+ Ke5 67. Rxh6 f4 68. Ra6 Bb8 69. Ra8 Bd6 70. Ra5+ Ke6 71.
g4 f3+ 72. Kf2 Be5 73. Ra6+ Ke7 74. Ra4 Kf6 75. Ra6+ Ke7 76. Ke3 Bg3 77. g5 f2
78. Ra7+ Ke6 79. Be2 f1=Q 80. Bxf1 Nxf1+ 81. Ke2 Kf5 82. Ra5+ Kg6 83. Kf3 Bc7
84. Rc5 Nh2+ 85. Ke4 Bb8 1/2-1/2

[Event "3rd Szeged Cup"]
[Site "Szeged"]
[Date "2006.09.12"]
[Round "4"]
[White "Baki, Peterne"]
[Black "Shadrina, Tatiana"]
[Result "0-1"]
[WhiteElo "2110"]
[BlackElo "2389"]
[PlyCount "74"]
[EventDate "2006.??.??"]
[WhiteTeam "Ungarn"]
[BlackTeam "Russland"]
[WhiteTeamCountry "HUN"]
[BlackTeamCountry "RUS"]

1. e4 c5 2. c3 d5 3. exd5 Qxd5 4. d4 g6 5. Be3 cxd4 6. Qxd4 Nf6 7. Nf3 Nc6 8.
Qa4 Bg7 9. Bc4 Qd7 10. O-O O-O 11. Bb5 Qc7 12. Bxc6 bxc6 13. Bc5 Nd5 14. Nbd2
Re8 15. Nd4 Bd7 16. Qa3 Qf4 17. N2f3 e5 18. Ne2 Qc4 19. Ng3 Bg4 20. Nd2 Qd3 21.
Nde4 Red8 22. h3 Bh5 23. Nxh5 gxh5 24. Nd6 Nf4 25. c4 Qg6 26. g3 e4 27. Kh2 Ne6
28. Be3 c5 29. Nb5 Rd3 30. Nc3 Be5 31. Rae1 h4 32. Rg1 hxg3+ 33. fxg3 Kh8 34.
Qa4 Rg8 35. Nxe4 Qxe4 36. Bf4 Qxf4 37. gxf4 Bxf4+ 0-1

[Event "3rd Szeged Cup"]
[Site "Szeged"]
[Date "2006.09.12"]
[Round "4"]
[White "Schneider, Veronika"]
[Black "Rudolf, Anna"]
[Result "1-0"]
[WhiteElo "2195"]
[BlackElo "2249"]
[PlyCount "69"]
[EventDate "2006.??.??"]
[WhiteTeam "Ungarn"]
[BlackTeam "Ungarn"]
[WhiteTeamCountry "HUN"]
[BlackTeamCountry "HUN"]

1. e4 e6 2. d4 d5 3. Nd2 c5 4. exd5 Qxd5 5. Ngf3 cxd4 6. Bc4 Qd6 7. Qe2 Nf6 8.
Nb3 Nc6 9. Bg5 Qb4+ 10. Bd2 Qb6 11. O-O-O Bd7 12. Kb1 Bc5 13. Bf4 O-O 14. Ne5
Rfd8 15. Rd3 Be8 16. Rh3 Be7 17. Bd3 g6 18. Qf3 Nb4 19. Bg5 Nbd5 20. Qg3 Rdc8
21. Qh4 Qd8 22. g4 Nb4 23. f4 a5 24. Re1 a4 25. Nd2 a3 26. Ne4 Nbd5 27. f5 axb2
28. Nxf6+ Nxf6 29. Bxf6 Bxf6 30. Qxh7+ Kf8 31. fxe6 Qd5 32. Nxg6+ fxg6 33. e7+
Bxe7 34. Qh6+ Kf7 35. Qxg6+ 1-0

[Event "3rd Szeged Cup"]
[Site "Szeged"]
[Date "2006.09.12"]
[Round "4"]
[White "Olarasu, Gabriella"]
[Black "Medvegyne Balogh, Emese"]
[Result "1-0"]
[WhiteElo "2222"]
[BlackElo "2145"]
[PlyCount "65"]
[EventDate "2006.??.??"]
[WhiteTeam "Rumaenien"]
[BlackTeam "Ungarn"]
[WhiteTeamCountry "ROM"]
[BlackTeamCountry "HUN"]

1. d4 Nf6 2. c4 c5 3. d5 b5 4. cxb5 a6 5. bxa6 g6 6. Nc3 d6 7. e4 Nxa6 8. Nf3
Bg7 9. Bc4 O-O 10. O-O Nd7 11. Bd2 Qa5 12. a3 Nc7 13. Qc2 Ba6 14. Na4 Qxa4 15.
Qxa4 Nb6 16. Qc2 Bxc4 17. Rfe1 Bb5 18. Bc3 f6 19. b3 Rfb8 20. a4 Ba6 21. Nd2
Rb7 22. Rab1 Rc8 23. Ba1 Nd7 24. Nc4 Ne5 25. f4 Nd7 26. Rbd1 Bxc4 27. bxc4 Na6
28. a5 Nb4 29. Qa4 Ra8 30. Bc3 Nb8 31. Qe8+ Bf8 32. e5 Rba7 33. exf6 1-0

[Event "3rd Szeged Cup"]
[Site "Szeged"]
[Date "2006.09.12"]
[Round "4"]
[White "Foisor, Cristina Adela"]
[Black "Szonyi, Kata"]
[Result "1-0"]
[WhiteElo "2393"]
[BlackElo "2100"]
[PlyCount "83"]
[EventDate "2006.??.??"]
[WhiteTeam "Rumaenien"]
[BlackTeam "Ungarn"]
[WhiteTeamCountry "ROM"]
[BlackTeamCountry "HUN"]

1. c4 b6 2. d4 Bb7 3. Nc3 Nf6 4. f3 e6 5. e4 d6 6. Bd3 c5 7. d5 exd5 8. cxd5
Nbd7 9. Nh3 a6 10. a4 Rc8 11. Nf2 Be7 12. O-O O-O 13. Qe2 Ra8 14. f4 Qc7 15. g4
h6 16. h4 g5 17. fxg5 hxg5 18. Bxg5 Ne5 19. Ncd1 Nh7 20. Bh6 Bxh4 21. Bxf8 Kxf8
22. Nh3 Bc8 23. Ne3 Nf6 24. Ng2 Bxg4 25. Qe3 Bxh3 26. Qxh3 Bg5 27. Rf5 Nxd3 28.
Qxd3 Nh7 29. Raf1 f6 30. Qh3 Qg7 31. R5f3 Re8 32. Qg4 Qe7 33. Nf4 Bxf4 34. Rxf4
Qg7 35. R1f3 b5 36. a5 b4 37. Kf2 Qxg4 38. Rxg4 Kf7 39. Ke3 Re5 40. Rh3 Ng5 41.
Rh8 Re8 42. Rgh4 1-0

[Event "3rd Szeged Cup"]
[Site "Szeged"]
[Date "2006.09.12"]
[Round "4"]
[White "Ruszin, Anna"]
[Black "Gara, Anita"]
[Result "0-1"]
[WhiteElo "2091"]
[BlackElo "2349"]
[PlyCount "61"]
[EventDate "2006.??.??"]
[WhiteTeam "Ungarn"]
[BlackTeam "Ungarn"]
[WhiteTeamCountry "HUN"]
[BlackTeamCountry "HUN"]

1. e4 c6 2. d4 d5 3. exd5 cxd5 4. c4 dxc4 5. Bxc4 Qc7 6. Bd3 Bg4 7. f3 Bd7 8.
Ne2 e6 9. Bf4 Bd6 10. Bxd6 Qxd6 11. Nbc3 Nf6 12. O-O Nc6 13. Nb5 Qb8 14. Rc1
O-O 15. Bb1 Rd8 16. Qd2 Be8 17. Qe3 a6 18. Nbc3 Qa7 19. Rfd1 e5 20. Ne4 Nxe4
21. Qxe4 g6 22. Kh1 exd4 23. a3 Rd6 24. Ba2 Rad8 25. Rd3 Bd7 26. g4 Be6 27. Bb1
Bd5 28. Qf4 Re6 29. Ng3 Ne5 30. Rc7 Qb8 31. Rc1 0-1

[Event "3rd Szeged Cup"]
[Site "Szeged"]
[Date "2006.09.12"]
[Round "4"]
[White "Erdos, Boglarka"]
[Black "Papp, Petra"]
[Result "1/2-1/2"]
[WhiteElo "2044"]
[BlackElo "1791"]
[PlyCount "62"]
[EventDate "2006.09.12"]
[SourceDate "2006.09.12"]

1. e4 c5 2. Nf3 Nc6 3. d4 cxd4 4. Nxd4 Nf6 5. Nc3 e5 6. Ndb5 d6 7. Bg5 a6 8.
Na3 b5 9. Bxf6 gxf6 10. Nd5 Bg7 11. g3 f5 12. Bg2 fxe4 13. Bxe4 Be6 14. Nf6+
Bxf6 15. Bxc6+ Ke7 16. Bg2 e4 17. c3 b4 18. Nb1 d5 19. O-O Qb6 20. Qe2 Rab8 21.
Nd2 bxc3 22. bxc3 Bxc3 23. Rab1 Qa7 24. Nb3 f5 25. Rfc1 d4 26. Qh5 a5 27. Qg5+
Kf7 28. Qh5+ Ke7 29. Qg5+ Kf7 30. Qh5+ Ke7 31. Qg5+ Kf7 1/2-1/2

[Event "3rd Szeged Cup"]
[Site "Szeged"]
[Date "2006.09.12"]
[Round "4"]
[White "Bolvary, Tamara"]
[Black "Bali, Eszter"]
[Result "1-0"]
[WhiteElo "2104"]
[BlackElo "1958"]
[PlyCount "61"]
[EventDate "2006.09.12"]
[SourceDate "2006.09.12"]

1. e4 e6 2. d4 d5 3. Bd3 dxe4 4. Bxe4 Nf6 5. Bf3 c5 6. Ne2 Be7 7. O-O O-O 8.
Be3 cxd4 9. Qxd4 Qc7 10. Bf4 Qa5 11. Qc3 Bb4 12. Qc4 e5 13. Bxe5 Qxe5 14. Qxb4
Nc6 15. Qc3 Bf5 16. Bxc6 Qxe2 17. Bxb7 Rab8 18. Bf3 Qxc2 19. Qxc2 Bxc2 20. b3
Rfd8 21. Na3 Bf5 22. Rfd1 Kf8 23. Rac1 Rxd1+ 24. Rxd1 Ke7 25. Kf1 Nd7 26. Rc1
Kd8 27. Nc4 Rc8 28. Rd1 Ke7 29. Nd6 Rc5 30. Nxf5+ Rxf5 31. Bg4 1-0

[Event "3rd Szeged Cup"]
[Site "Szeged"]
[Date "2006.09.12"]
[Round "4"]
[White "Bea, Boglarka"]
[Black "Medvegy, Judit"]
[Result "0-1"]
[WhiteElo "1669"]
[BlackElo "2032"]
[PlyCount "112"]
[EventDate "2006.09.12"]
[SourceDate "2006.09.12"]

1. e4 c6 2. d4 d5 3. Nc3 dxe4 4. Nxe4 Bf5 5. Ng3 Bg6 6. Nf3 Nd7 7. Bd3 Bxd3 8.
Qxd3 Ngf6 9. O-O e6 10. Bg5 Be7 11. Rad1 O-O 12. Rfe1 Qc7 13. c3 Rad8 14. h3 h6
15. Bxf6 Nxf6 16. Qe3 c5 17. Nf5 Nd5 18. Nxe7+ Qxe7 19. Qe5 cxd4 20. Nxd4 Qf6
21. Qxf6 Nxf6 22. Re5 Rd7 23. Rd3 Rfd8 24. Rg3 a6 25. a4 Nd5 26. a5 Ne7 27. Rc5
Rd5 28. Rxd5 Rxd5 29. b4 e5 30. Nf3 f6 31. Ne1 Kf7 32. Kf1 Nf5 33. Rd3 Ke6 34.
g4 Nd6 35. Ke2 Nc4 36. Nc2 g6 37. f3 Rxd3 38. Kxd3 Nb2+ 39. Kd2 Nc4+ 40. Kd3
Kd5 41. Ne1 Nb2+ 42. Kc2 Nc4 43. Kd3 f5 44. Ng2 e4+ 45. fxe4+ fxe4+ 46. Ke2 g5
47. h4 gxh4 48. Nxh4 Ne5 49. Nf5 Nxg4 50. Ng3 Nf6 51. Ke3 Kc4 52. Ne2 Nd5+ 53.
Kd2 e3+ 54. Kc2 h5 55. Ng3 Nxc3 56. Nxh5 Kxb4 0-1

[Event "3rd Szeged Cup"]
[Site "Szeged"]
[Date "2006.09.12"]
[Round "4"]
[White "Ignacz, Rozsa"]
[Black "bartha, Agnes"]
[Result "1-0"]
[WhiteElo "1998"]
[BlackElo "1857"]
[PlyCount "83"]
[EventDate "2006.09.12"]
[SourceDate "2006.09.12"]

1. d4 d5 2. c4 e6 3. Nc3 Nf6 4. Nf3 Be7 5. e3 Nbd7 6. Be2 c6 7. O-O a6 8. Re1
dxc4 9. Bxc4 b5 10. Bd3 Bb7 11. e4 c5 12. d5 c4 13. dxe6 fxe6 14. Bc2 Nc5 15.
Bf4 b4 16. Na4 Bc6 17. Nxc5 Bxc5 18. Ba4 Bb5 19. Bxb5+ axb5 20. Qe2 Rc8 21. Ng5
Qb6 22. Be3 Ke7 23. Bxc5+ Qxc5 24. e5 Ng8 25. Qg4 Qb6 26. Ne4 g6 27. Qg5+ Kf8
28. Nd6 Rc7 29. Qd8+ Kg7 30. Ne8+ Kf7 31. Qxc7+ Qxc7 32. Nxc7 Ne7 33. Nxb5 Nc6
34. Nd6+ Kg7 35. Nxc4 g5 36. Rad1 Re8 37. Rd6 Nd8 38. Rb6 Re7 39. Rxb4 Nf7 40.
Nd6 Nxe5 41. Rxe5 Kf6 42. Re3 1-0

[Event "3rd Szeged Cup"]
[Site "Szeged"]
[Date "2006.09.12"]
[Round "4"]
[White "Miseta, Zsuzsanna"]
[Black "Tanacs, Anna"]
[Result "0-1"]
[WhiteElo "1655"]
[BlackElo "1890"]
[PlyCount "96"]
[EventDate "2006.09.12"]
[SourceDate "2006.09.12"]

1. e4 c6 2. d4 d5 3. e5 Bf5 4. c3 e6 5. Be3 Qb6 6. Qb3 Nd7 7. Nd2 Ne7 8. h4 h5
9. Ngf3 Bg6 10. Be2 Nf5 11. Bf4 Qc7 12. Qd1 c5 13. b3 Qa5 14. Qc1 cxd4 15. cxd4
Ba3 16. Qd1 Bb2 17. Rb1 Bxd4 18. Nxd4 Nxd4 19. Rc1 Nc6 20. a4 a6 21. O-O Ndxe5
22. Nf3 Nxf3+ 23. Bxf3 Qb4 24. Bg3 Nd4 25. Be5 Nxf3+ 26. Qxf3 O-O 27. Qg3 Rfc8
28. Rc3 Rxc3 29. Qxc3 Qxc3 30. Bxc3 Rc8 31. Rc1 d4 32. Bd2 Rxc1+ 33. Bxc1 Bc2
34. Bb2 d3 35. Bc3 Bxb3 36. a5 Kf8 37. f4 Ke7 38. Kf2 f6 39. Ke3 Bc4 40. Kd4
Bb5 41. Kc5 e5 42. fxe5 fxe5 43. g3 Ke6 44. Kb4 Kd5 45. Kb3 Ke4 46. Be1 Ke3 47.
Kc3 Ke2 48. Bd2 e4 0-1

[Event "3rd Szeged Cup"]
[Site "Szeged"]
[Date "2006.09.13"]
[Round "5"]
[White "Toth, Lili"]
[Black "Khurtsidze, Nino"]
[Result "0-1"]
[WhiteElo "2217"]
[BlackElo "2414"]
[PlyCount "118"]
[EventDate "2006.??.??"]
[WhiteTeam "Ungarn"]
[BlackTeam "Georgien"]
[WhiteTeamCountry "HUN"]
[BlackTeamCountry "GEO"]

1. d4 Nf6 2. c4 e6 3. Nc3 d5 4. cxd5 exd5 5. Bg5 Be7 6. e3 c6 7. Bd3 Nbd7 8.
Nf3 O-O 9. Qc2 Re8 10. O-O Nf8 11. Rab1 a5 12. Ne5 Ng4 13. Bxe7 Qxe7 14. Nxg4
Bxg4 15. Rbe1 Rad8 16. Na4 Rd6 17. e4 Qh4 18. f3 dxe4 19. Bxe4 Be6 20. Nc5 Rb8
21. Rd1 Bd5 22. Bxd5 Rxd5 23. Qe4 Qf6 24. Rfe1 Qd8 25. b3 b6 26. Na4 c5 27. Nc3
Rxd4 28. Rxd4 Qxd4+ 29. Qxd4 cxd4 30. Nd5 Ne6 31. f4 g6 32. g4 Rd8 33. Nxb6
Nxf4 34. Nc4 d3 35. Kf1 Rd5 36. Nd2 Rc5 37. Nc4 a4 38. Re4 axb3 39. axb3 g5 40.
b4 Rb5 41. Ne3 h5 42. Rd4 Re5 43. Ng2 Nxg2 44. Kxg2 Re2+ 45. Kf3 Rxh2 46. gxh5
Rh4 47. Rd8+ Kg7 48. b5 Rb4 49. Rxd3 Rxb5 50. Kg4 f6 51. Rf3 Rb4+ 52. Kf5 Rh4
53. Ra3 Rf4+ 54. Ke6 Kh6 55. Rh3 Rf2 56. Rh1 g4 57. Rh4 f5 58. Kf6 g3 59. Ra4
Kxh5 0-1

[Event "3rd Szeged Cup"]
[Site "Szeged"]
[Date "2006.09.13"]
[Round "5"]
[White "Shadrina, Tatiana"]
[Black "Pokorna, Regina"]
[Result "0-1"]
[WhiteElo "2389"]
[BlackElo "2342"]
[PlyCount "64"]
[EventDate "2006.??.??"]
[WhiteTeam "Russland"]
[BlackTeam "Slovakei"]
[WhiteTeamCountry "RUS"]
[BlackTeamCountry "SVK"]

1. e4 e5 2. Nf3 Nc6 3. d4 exd4 4. Nxd4 Nf6 5. Nxc6 bxc6 6. e5 Qe7 7. Qe2 Nd5 8.
c4 Ba6 9. Nd2 g6 10. Qe4 f5 11. exf6 Nxf6 12. Qxe7+ Bxe7 13. Be2 O-O 14. O-O
Rae8 15. Bf3 Bb4 16. b3 d5 17. Rd1 g5 18. h3 h5 19. g4 hxg4 20. hxg4 Bc5 21.
cxd5 Be2 22. Bb2 Nxg4 23. Kg2 Bxf3+ 24. Nxf3 Re2 25. Bd4 Bxd4 26. Rxd4 Ne3+ 27.
Kg1 Nc2 28. Rc1 Rxf3 29. Rg4 cxd5 30. Rxg5+ Kf7 31. Rxd5 Rfxf2 32. Rg5 Ke6 0-1

[Event "3rd Szeged Cup"]
[Site "Szeged"]
[Date "2006.09.13"]
[Round "5"]
[White "Gara, Ticia"]
[Black "Schneider, Veronika"]
[Result "0-1"]
[WhiteElo "2309"]
[BlackElo "2195"]
[PlyCount "74"]
[EventDate "2006.??.??"]
[WhiteTeam "Ungarn"]
[BlackTeam "Ungarn"]
[WhiteTeamCountry "HUN"]
[BlackTeamCountry "HUN"]

1. e4 c5 2. Nf3 e6 3. c4 Nc6 4. Nc3 e5 5. g3 g6 6. Bg2 Bh6 7. a3 d6 8. O-O f5
9. exf5 Bxf5 10. b4 Nf6 11. b5 Ne7 12. d4 Bg7 13. dxe5 dxe5 14. Qb3 Qc7 15. Re1
e4 16. Nd2 O-O 17. Ndxe4 Nxe4 18. Bxe4 Bxe4 19. Rxe4 Nf5 20. Bf4 Qf7 21. Rc1 g5
22. Nd5 gxf4 23. Rxf4 Qd7 24. Qd3 Kh8 25. Re1 Rad8 26. Kg2 Ne7 27. Rh4 Qf5 28.
Qe2 Nxd5 29. cxd5 Qxd5+ 30. Kh3 Qf5+ 31. Kg2 Bd4 32. f4 Qd5+ 33. Kh3 Qd7+ 34.
Kg2 Rde8 35. Qd2 Rxe1 36. Qxe1 Re8 37. Qb1 Re2+ 0-1

[Event "3rd Szeged Cup"]
[Site "Szeged"]
[Date "2006.09.13"]
[Round "5"]
[White "Vajda, Szidonia"]
[Black "Kozma, Edit"]
[Result "1-0"]
[WhiteElo "2396"]
[BlackElo "2086"]
[PlyCount "37"]
[EventDate "2006.??.??"]
[WhiteTeam "Ungarn"]
[BlackTeam "Ungarn"]
[WhiteTeamCountry "HUN"]
[BlackTeamCountry "HUN"]

1. e4 c5 2. Nf3 d6 3. d4 cxd4 4. Qxd4 Nc6 5. Bb5 Bd7 6. Bxc6 Bxc6 7. Nc3 Nf6 8.
Bg5 Qa5 9. O-O-O O-O-O 10. Rhe1 h6 11. Be3 Kb8 12. Ne5 Be8 13. Nc4 Qa6 14. e5
Nh7 15. exd6 exd6 16. Bf4 Ng5 17. Nxd6 Bxd6 18. Bxd6+ Ka8 19. Bf8 1-0

[Event "3rd Szeged Cup"]
[Site "Szeged"]
[Date "2006.09.13"]
[Round "5"]
[White "Albert, Kornelia"]
[Black "Foisor, Cristina Adela"]
[Result "0-1"]
[WhiteElo "2120"]
[BlackElo "2393"]
[PlyCount "106"]
[EventDate "2006.??.??"]
[WhiteTeam "Ungarn"]
[BlackTeam "Rumaenien"]
[WhiteTeamCountry "HUN"]
[BlackTeamCountry "ROM"]

1. e4 c6 2. d4 g6 3. Nc3 d5 4. e5 h5 5. f4 Nh6 6. Nf3 Bg4 7. Be2 e6 8. Be3 Nf5
9. Bf2 Qb6 10. Rb1 c5 11. Na4 Qa5+ 12. c3 Bxf3 13. Bxf3 cxd4 14. b4 Qc7 15.
cxd4 a5 16. b5 Bb4+ 17. Kf1 Nd7 18. Rc1 Qd8 19. g3 Kf8 20. h3 Kg7 21. Kg2 Nb6
22. Nxb6 Qxb6 23. Qd3 Rac8 24. a4 Rc7 25. g4 hxg4 26. hxg4 Rxh1 27. Rxh1 Rc3
28. Qe2 Nxd4 29. Qd1 Bc5 30. Bh4 Kf8 31. Bd8 Qxd8 32. Rh8+ Ke7 33. Rxd8 Kxd8
34. Qe1 Rc2+ 35. Kg3 b6 36. Bd1 Rc1 37. Qd2 Ra1 38. Kg2 Kd7 39. Kg3 Ra3+ 40.
Kg2 Ke8 41. Kh2 Kf8 42. Kg2 Kg7 43. Kh2 Nf3+ 44. Bxf3 Rxf3 45. Kh1 Rf1+ 46. Kg2
Rf2+ 47. Qxf2 Bxf2 48. Kxf2 g5 49. Ke3 gxf4+ 50. Kxf4 Kg6 51. Kg3 Kg5 52. Kf3
d4 53. Ke4 Kxg4 0-1

[Event "3rd Szeged Cup"]
[Site "Szeged"]
[Date "2006.09.13"]
[Round "5"]
[White "Gara, Anita"]
[Black "Foisor, Sabina-Francesca"]
[Result "1/2-1/2"]
[WhiteElo "2349"]
[BlackElo "2292"]
[PlyCount "99"]
[EventDate "2006.??.??"]
[WhiteTeam "Ungarn"]
[BlackTeam "Rumaenien"]
[WhiteTeamCountry "HUN"]
[BlackTeamCountry "ROM"]

1. e4 c6 2. d4 g6 3. Nc3 d5 4. h3 Bg7 5. Nf3 Nf6 6. e5 Ne4 7. Nxe4 dxe4 8. Ng5
c5 9. e6 Bxe6 10. Nxe6 fxe6 11. dxc5 Qxd1+ 12. Kxd1 O-O 13. Be3 Bxb2 14. Rb1
Rd8+ 15. Ke2 Bc3 16. Rb3 Bf6 17. g4 Nc6 18. Bg2 Nd4+ 19. Bxd4 Bxd4 20. Bxe4
Bxc5 21. Bxb7 Rab8 22. f3 Bb6 23. Be4 Kg7 24. h4 Rd4 25. h5 Rbd8 26. Rd3 e5 27.
Rb1 Kf6 28. Rb5 Rxd3 29. Bxd3 Rc8 30. hxg6 hxg6 31. a4 Rh8 32. Be4 Rd8 33. a5
Bd4 34. Rb7 Rc8 35. a6 g5 36. Rd7 Bb6 37. Kd3 Rd8 38. Rxd8 Bxd8 39. Kc4 Ke6 40.
Kc5 Kd7 41. Kd5 Bb6 42. Kxe5 Be3 43. Bf5+ Kc7 44. Ke6 Bf4 45. Kxe7 Be3 46. Ke6
Bf4 47. Kd5 Bc1 48. c4 Bd2 49. c5 Bc1 50. c6 1/2-1/2

[Event "3rd Szeged Cup"]
[Site "Szeged"]
[Date "2006.09.13"]
[Round "5"]
[White "Rudolf, Anna"]
[Black "Olarasu, Gabriella"]
[Result "0-1"]
[WhiteElo "2249"]
[BlackElo "2222"]
[PlyCount "116"]
[EventDate "2006.??.??"]
[WhiteTeam "Ungarn"]
[BlackTeam "Rumaenien"]
[WhiteTeamCountry "HUN"]
[BlackTeamCountry "ROM"]

1. e4 e5 2. Nf3 Nc6 3. Nc3 Nf6 4. d4 exd4 5. Nd5 Be7 6. Bf4 d6 7. Nxd4 Nxd5 8.
exd5 Ne5 9. Be2 O-O 10. O-O Bf6 11. c3 Re8 12. Re1 Bd7 13. Qd2 a6 14. Rad1 h6
15. Nf3 Nxf3+ 16. Bxf3 Bf5 17. c4 a5 18. Rxe8+ Qxe8 19. c5 Qd8 20. c6 bxc6 21.
dxc6 Bg5 22. Bxg5 hxg5 23. Be2 Be6 24. a4 Bb3 25. Ra1 Qf6 26. Ra3 Qe6 27. h3
Re8 28. Bb5 Qe1+ 29. Qxe1 Rxe1+ 30. Kh2 Be6 31. Re3 Rb1 32. Re2 Kf8 33. Kg3 d5
34. Kf3 Ke7 35. Ke3 Kd6 36. Kd4 Rc1 37. Rd2 Rg1 38. f3 Rc1 39. Re2 Rd1+ 40. Kc3
Rc1+ 41. Kd2 Rb1 42. Kc2 Bf5+ 43. Kc3 Rc1+ 44. Kd4 Rd1+ 45. Kc3 d4+ 46. Kb3 d3
47. Re8 Rc1 48. Rd8+ Kc5 49. Ka2 Rd1 50. b3 Rd2+ 51. Kb1 Rxg2 52. Bxd3 Rd2 53.
Bxf5 Rxd8 54. Kc2 Kxc6 55. Kc3 Kc5 56. Be4 Rh8 57. Bf5 g6 58. Bd7 f5 0-1

[Event "3rd Szeged Cup"]
[Site "Szeged"]
[Date "2006.09.13"]
[Round "5"]
[White "Medvegyne Balogh, Emese"]
[Black "Bolvary, Tamara"]
[Result "1-0"]
[WhiteElo "2145"]
[BlackElo "2104"]
[PlyCount "53"]
[EventDate "2006.??.??"]
[WhiteTeam "Ungarn"]
[BlackTeam "Ungarn"]
[WhiteTeamCountry "HUN"]
[BlackTeamCountry "HUN"]

1. e4 c5 2. Nc3 e6 3. g3 d5 4. exd5 exd5 5. d4 cxd4 6. Qxd4 Nf6 7. Bg2 Nc6 8.
Qd1 d4 9. Nce2 Bc5 10. Nf3 Qb6 11. O-O O-O 12. Nf4 Bf5 13. Nd3 Bxd3 14. cxd3
Rfe8 15. Ng5 Bf8 16. Ne4 Nxe4 17. Bxe4 Qb5 18. a4 Qb6 19. Bd2 a5 20. Qh5 g6 21.
Qb5 Ra6 22. Rac1 Re5 23. Bd5 Re2 24. Rfd1 Ne5 25. Kf1 Rxd2 26. Rxd2 Bh6 27.
Qe8+ 1-0

[Event "3rd Szeged Cup"]
[Site "Szeged"]
[Date "2006.09.13"]
[Round "5"]
[White "Kiss, Judit"]
[Black "Ignacz, Rozsa"]
[Result "0-1"]
[WhiteElo "2118"]
[BlackElo "1998"]
[PlyCount "98"]
[EventDate "2006.??.??"]

1. e4 c6 2. d4 d5 3. exd5 cxd5 4. Bd3 Nc6 5. c3 Nf6 6. h3 e5 7. dxe5 Nxe5 8.
Nf3 Nxd3+ 9. Qxd3 Be7 10. O-O O-O 11. Be3 Be6 12. Nbd2 Qc7 13. Nd4 Bd7 14. Rfd1
Rfe8 15. Rac1 Rac8 16. b3 Bd6 17. c4 Bf4 18. cxd5 Qxc1 19. Rxc1 Rxc1+ 20. Nf1
Bxe3 21. fxe3 Rc5 22. Nd2 Rxd5 23. Kf2 Bf5 24. Qc4 Rc8 25. Qb4 Rc7 26. g4 Bg6
27. Kf3 h5 28. e4 hxg4+ 29. hxg4 Rg5 30. Nf5 Rxg4 31. Qd6 Rc3+ 32. Kf2 Bxf5 33.
exf5 Rc8 34. Kf3 b5 35. Qe5 a6 36. Nf1 Re4 37. Qb2 Rc5 38. Ng3 Re8 39. Kf4 Nd5+
40. Kg5 Ne3 41. Qd4 Rd5 42. Qb6 Nxf5 43. Nxf5 g6 44. Qxa6 Rxf5+ 45. Kg4 Re4+
46. Kg3 Kg7 47. a4 Re3+ 48. Kg2 Rxb3 49. a5 Rc5 0-1